00246nam a22000857a 4500008004100000082002000041245004300061260004400104300001200148230704b xxu||||| |||| 00| 0 eng d a342.4bFIN 1960 aThe Major Governments of Modern Europe aLondonbRow, Peterson and Companyc1960 aXV,A73p